000
00287nam a2200109Ia 4500
008
190906s9999||||xx |||||||||||||| ||und||
100
_a
Saeed Mushtaq Hussain
245
0
_a
Bon Sai Sazi : Bonsai Techniques
260
_a
Karachi
_b
Wafaqi Urdu University
_c
2016
300
_a
192
942
_c
BK
999
_c
6105
_d
6105